00742nam a2200205 a 450000100060000000300090000600800410001502000150005604000280007108200160009910000220011524500550013726000250019230000100021750501680022765000310039565000370042665000460046365000270050922948CO-ViMGA141112s2004 ck r 000 u spa d a9706864113 aCO-ViMGAbspacCO-ViMGA04a658.5 C171l1 aCarranza, Octavio10aLogìstica mejores pràcticas en latinoamèrica aMéxico : bThomson a426p. aHistoria y tematica de la logistica, Pronostico : la prevision de lo imprevisible, Servicio al cliente, Transporte estrategico, Administracion de compras y proceso14aADMINISTRACION DE COMPRAS14aADMINISTRACION DE LA PRODUCCION 14aLOGISTICA (INDUSTRIA) - América LATINA 14aLOGISTICA EMPRESARIAL